Quantenchemie Ein Lehrgang Band 5 : Ausgewählte mathematische Method der Chemie
Gespeichert in:
| Hauptverfasser: | , , |
|---|---|
| Format: | Buch |
| Sprache: | Deutsch |
| Veröffentlicht: |
Heidelberg
Alfred Hüthig
1987
|
| Schlagworte: | |
| Online-Zugang: | Im OPAC anzeigen |
| Tags: |
Keine Tags, Fügen Sie das erste Tag hinzu!
|
MARC
| LEADER | 00000nam a2200000 a 4500 | ||
|---|---|---|---|
| 005 | 20260127134220.0 | ||
| 008 | 090522 1987 gw 000 0 ger d | ||
| 020 | |a 3778513834 | ||
| 035 | |a vtls009515702 | ||
| 039 | 9 | |a 200905220945 |b mschk03 |y 200905220945 |z mschk03 | |
| 040 | |a STUSCHK1 |b slo |c STUSCHK1 |e AACR2 | ||
| 080 | |a 541.57 | ||
| 100 | 1 | |a Glaeske, Hans-Jürgen | |
| 245 | 1 | |a Quantenchemie |b Ein Lehrgang |n Band 5 : Ausgewählte mathematische Method der Chemie |c Hans-Jürgen Glaeske, Joachim Reinhold, Peter Volkmer | |
| 260 | |a Heidelberg |b Alfred Hüthig |c 1987 | ||
| 300 | |a 637 s. |b il. |c 24 cm | ||
| 650 | 0 | |a kvantová chémia | |
| 700 | 1 | |a Reinhold, Joachim |4 aut | |
| 700 | 1 | |a Volkmer, Peter |4 aut | |
| 910 | |a SCHK95 | ||
| 919 | |a 3-7785-1383-4 | ||
| 999 | |c 6908 |d 6908 | ||